Political economy of hunger: Selected essays (Record no. 1848649)
[ view plain ]
| 000 -LEADER | |
|---|---|
| fixed length control field | 01446nam a22002537a 4500 |
| 005 - DATE AND TIME OF LATEST TRANSACTION | |
| control field | 20260429162142.0 |
| 008 - FIXED-LENGTH DATA ELEMENTS--GENERAL INFORMATION | |
| fixed length control field | 260429b |||||||| |||| 00| 0 eng d |
| 020 ## - INTERNATIONAL STANDARD BOOK NUMBER | |
| International Standard Book Number | 9780195649635 |
| 037 ## - SOURCE OF ACQUISITION | |
| Terms of availability | Textual |
| 040 ## - CATALOGING SOURCE | |
| Original cataloging agency | RTL |
| Transcribing agency | RTL |
| 084 ## - COLON CLASSIFICATION NUMBER | |
| Classification number | X9(J3).1(X).N9 N3/TD |
| Assigning agency | RTL |
| 245 ## - TITLE STATEMENT | |
| Title | Political economy of hunger: Selected essays |
| 260 ## - PUBLICATION, DISTRIBUTION, ETC. | |
| Place of publication, distribution, etc. | New Delhi |
| Name of publisher, distributor, etc. | Oxford University Press |
| Date of publication, distribution, etc. | 1993 |
| 300 ## - PHYSICAL DESCRIPTION | |
| Extent | xvi, 626 p. : ill |
| Other physical details | Includes bibliographical references and index |
| 520 ## - SUMMARY, ETC. | |
| Summary, etc. | The Political Economy of Hunger is the classic analysis of an extraordinary paradox: in a world of food surpluses and satiety, hunger kills millions more people each year than wars or political repression. Now this abridged version, edited by Athar Hussain, puts the most influential essays from the three-volume work within the reach of concerned citizens. Ranging from Africa to South Asia to China, and written by an international array of authorities, the essays included in this abridgement give the best available analysis of the causes of worldwide hunger and deprivation, and the best hope for effective aid policies in the future. |
| 650 ## - SUBJECT ADDED ENTRY--TOPICAL TERM | |
| Topical term or geographic name entry element | Political Economy, India |
| 9 (RLIN) | 1236031 |
| 650 ## - SUBJECT ADDED ENTRY--TOPICAL TERM | |
| Topical term or geographic name entry element | Economy |
| 9 (RLIN) | 752583 |
| 650 ## - SUBJECT ADDED ENTRY--TOPICAL TERM | |
| Topical term or geographic name entry element | Hunger |
| 700 ## - ADDED ENTRY--PERSONAL NAME | |
| Personal name | Dreze, Jean |
| Relator term | Editor |
| 700 ## - ADDED ENTRY--PERSONAL NAME | |
| Personal name | Sen, Amartya |
| Relator term | Editor |
| 700 ## - ADDED ENTRY--PERSONAL NAME | |
| Personal name | Hussain, Athar |
| 9 (RLIN) | 1236032 |
| Relator term | Editor |
| 942 ## - ADDED ENTRY ELEMENTS (KOHA) | |
| Source of classification or shelving scheme | Colon Classification (CC) |
| Koha item type | Textbook |
| Classification part | X9(J3).1(X).N9 N3/TD |
| Suppress in OPAC | No |
| Withdrawn status | Lost status | Source of classification or shelving scheme | Damaged status | Not for loan | Home library | Current library | Date acquired | Total Checkouts | Full call number | Barcode | Date last seen | Price effective from | Koha item type |
|---|---|---|---|---|---|---|---|---|---|---|---|---|---|
| Colon Classification (CC) | Ratan Tata Library | Ratan Tata Library | 2026-04-29 | X9(J3).1(X).N9 N3/TD | RT1458255 | 2026-04-29 | 2026-04-29 | Textbook |
